3 Biggest Cities in each Region of Pakistan - Statistics

General Stats
  • This quiz has been taken 13 times
  • The average score is 12 of 19
Answer Stats
Region + Rank Population City % Correct
Capital 1 4,190,377 Islamabad
100%
Sindh 1 21,065,113 Karachi
100%
Punjab 1 15,042,166 Lahore
100%
Khyber Pakhtunkhwa 1 2,508,106 Peshawar
100%
Balochistan 1 1,565,546 Quetta
100%
Punjab 3 3,611,485 Rawalpindi
92%
Gilgit-Baltistan 1 239,566 Gilgit
83%
Sindh 2 2,412,067 Hyderabad
83%
Punjab 2 4,063,910 Faisalabad
75%
Azad Jammu and Kashmir 1 232,944 Muzaffarabad
58%
Sindh 3 717,706 Sukkur
58%
Khyber Pakhtunkhwa 3 441,260 Mardān
50%
Gilgit-Baltistan 2 192,013 Skardu
50%
Balochistan 3 250,048 Hub
33%
Azad Jammu and Kashmir 3 102,193 Kotli
33%
Balochistan 2 276,093 Turbat
33%
Khyber Pakhtunkhwa 2 473,092 Dera Ismail Khan
25%
Gilgit-Baltistan 3 82,815 Danyor
17%
Azad Jammu and Kashmir 2 162,797 New Mirpur City
17%
No matching quizzes found
Score Distribution
Percent of People with Each Score
Percentile by Number Answered
Your Score History
You have not taken this quiz